|
|
|
|
| LEADER |
00000nas a2200000 a 4500 |
| 001 |
ssj0027047 |
| 003 |
WaSeSS |
| 005 |
20200512172242.0 |
| 006 |
m d |
| 007 |
cr n |
| 008 |
040129c20039999ne qr pss 0 0eng c |
| 010 |
|
|
|a 2006263064
|
| 022 |
|
|
|a 1305-0613
|y 1304-2580
|
| 035 |
|
|
|a (WaSeSS)ssj0027047
|
| 037 |
|
|
|b IOS Press, Nieuwe Hemweg 6B, 1013 BG Amsterdam, The Netherlands
|
| 040 |
|
|
|a OUN
|b eng
|c OUN
|d COU
|d CGU
|d OCLCQ
|d OCL
|d TXA
|d FQM
|d OCL
|d OCLCQ
|d OCLCF
|d OCLCO
|d OCLCQ
|d OCLCO
|d OCLCQ
|d Z5A
|d OCLCO
|d OCLCA
|d BUF
|d OCLCA
|d VT2
|d AU@
|d OCLCO
|d WYU
|d WaSeSS
|
| 042 |
|
|
|a pcc
|
| 050 |
1 |
4 |
|a RJ486
|b .J685
|
| 082 |
0 |
4 |
|a 618.928
|
| 130 |
0 |
|
|a Journal of pediatric neurology (Online)
|
| 245 |
1 |
0 |
|a Journal of pediatric neurology
|h [electronic resource].
|
| 246 |
1 |
|
|i Also known as:
|a JPN
|
| 260 |
|
|
|a Amsterdam :
|b IOS,
|c [2003]-
|
| 310 |
|
|
|a Quarterly
|
| 362 |
0 |
|
|a Vol. 1, no. 1 (2003)-
|
| 500 |
|
|
|a Title from issue table of contents (IOS site, viewed Feb. 14, 2006).
|
| 506 |
|
|
|a License restrictions may limit access.
|
| 538 |
|
|
|a Mode of access: World Wide Web.
|
| 550 |
|
|
|a Journal of the Society of Pediatric Science of the Yüzüncü Yıl Üniversitesi in Turkey.
|
| 588 |
|
|
|a Latest issue consulted: Vol. 3, no. 4 (2005) (viewed Feb. 14, 2006).
|
| 650 |
|
0 |
|a Pediatric neurology
|v Periodicals.
|
| 650 |
|
0 |
|a Nervous system
|x Diseases
|v Periodicals.
|
| 650 |
|
7 |
|a Nervous system
|x Diseases.
|2 fast
|0 (OCoLC)fst01036098
|
| 650 |
|
7 |
|a Pediatric neurology.
|2 fast
|0 (OCoLC)fst01056441
|
| 650 |
|
2 |
|a Nervous System Diseases
|v Periodicals.
|
| 650 |
|
2 |
|a Neurology
|v Periodicals.
|
| 650 |
|
2 |
|a Pediatrics
|v Periodicals.
|
| 655 |
|
0 |
|a Electronic journals.
|
| 710 |
2 |
|
|a Society of Pediatric Science.
|
| 776 |
1 |
|
|t Journal of pediatric neurology
|x 1304-2580
|w (DLC) 2004243016
|w (OCoLC)53998732
|
| 856 |
4 |
0 |
|z Full text available from Research Library: 10/01/2004 to present
|u https://search.proquest.com/publication/43404
|